000 00892nam a22001817a 4500
999 _c61929
_d61929
003 Ge_BSU
005 20240611165530.0
008 240611s1971 ge ||||| |||| 00| 0 geo d
041 _ageo
080 _a61(479.22)(092) ჯ-14
100 _aჯავახიშვილი, დ.
_922400
245 _aმოგონებათა ფურცლები :
_b[თერაპევტ-კურორტოლოგი] /
_cდ. ჯავახიშვილი; რედ. ს. დემურხანაშვილი.
264 _aთბილისი :
_bსაბჭოთა საქართველო,
_c1971.
300 _a182 გვ. :
_b1ფ. პორტრ. ;
_c17 სმ
653 _aქართველი ექიმები
700 _aდემურხანაშვილი, ს.
_eრედაქტორი
_94193
942 _2udc
_cᲬᲘᲒᲜᲘ